Medicolegal : 1979 National Medicolegal Symposium /
Saved in:
| Corporate Authors: | , , |
|---|---|
| Format: | Book |
| Language: | English |
| Published: |
[Chicago, Ill.] :
AMA,
c1981.
|
| Subjects: | |
| Tags: |
Add Tag
No Tags, Be the first to tag this record!
|
| LEADER | 01103nam a2200289 a 4500 | ||
|---|---|---|---|
| 001 | 001038992-X | ||
| 005 | 20020606090541.3 | ||
| 008 | 830114s1981 ilu b 10010 eng d | ||
| 035 | 0 | |a ocm08424134 | |
| 035 | 0 | |a ocm22675780 | |
| 035 | 1 | |a MAHL83B250 | |
| 040 | |a CWhC-L |d CLSU-l |d MH-L | ||
| 043 | |a n-us--- | ||
| 050 | 4 | |a KF3821.A75 |b .N38 1979 | |
| 111 | 2 | |a National Medicolegal Symposium |d (1979 : |c Las Vegas, Nev.) | |
| 245 | 1 | 0 | |a Medicolegal : |b 1979 National Medicolegal Symposium / |c jointly sponsored by the American Medical Association and the American Bar Association, Caesars Palace Hotel, Las Vegas, Nevada, March 8-11, 1979. |
| 260 | 0 | |a [Chicago, Ill.] : |b AMA, |c c1981. | |
| 300 | |a 106 p. ; |c 28 cm. | ||
| 504 | |a Bibliography: p. 101-102. | ||
| 650 | 0 | |a Medical laws and legislation |z United States |v Congresses. | |
| 650 | 0 | |a Medical jurisprudence |z United States |v Congresses. | |
| 650 | 0 | |a Malpractice |z United States |v Congresses. | |
| 655 | 7 | |a Conference proceedings. |2 fast | |
| 710 | 2 | |a American Medical Association. | |
| 710 | 2 | |a American Bar Association. | |
| 988 | |a 20020608 | ||
| 906 | |0 RLIN | ||


